00510nam a2200181Ia 4500999001500000003000400015005001700019008004100036020001800077040000900095082002200104100002100126245006000147260005100207300000900258650001100267942005000278 c1732d1732OSt20200922141831.0190216s9999||||xx |||||||||||||| ||und|| a9788180302039 coclc a580.120954bSIN/T aSingh, S K94459 0aTaxonomy Of Angiosperms /cS K Singh ; Seema Srivastava bCampus Books International,aNew Delhi:c2009. a361p aBotany cBK2ddch580.120954iSIN/Tk580.120954mSIN/T